Rusko signatárom Kjótskeho protokolu
Kjótsky protokol o znižovaní emisií skleníkových plynov podpísaný krajinami EÚ, Kanadou a Japonskom v r. 1996. Rozdelenie krajín sveta na dva tábory. Krajiny nepodporujúce Kjótsky protokol a spochybňujúce jej význam. Argumenty odporcov Kjótskeho protokolu. Snahy Ruska o pripojenie sa ku Kjótskemu pr...
Na minha lista:
| Autor principal: | |
|---|---|
| Formato: | Capítulo de Livro |
| Idioma: | eslovaco |
| Assuntos: | |
| Tags: |
Sem tags, seja o primeiro a adicionar uma tag!
|
MARC
| LEADER | 00000naa$a2200000$$$4500 | ||
|---|---|---|---|
| 001 | 0022420 | ||
| 005 | 20230926070705.4 | ||
| 041 | 0 | |a slo | |
| 044 | |a SK | ||
| 245 | 1 | 0 | |a Rusko signatárom Kjótskeho protokolu |c Igor Dinis |
| 520 | |a Kjótsky protokol o znižovaní emisií skleníkových plynov podpísaný krajinami EÚ, Kanadou a Japonskom v r. 1996. Rozdelenie krajín sveta na dva tábory. Krajiny nepodporujúce Kjótsky protokol a spochybňujúce jej význam. Argumenty odporcov Kjótskeho protokolu. Snahy Ruska o pripojenie sa ku Kjótskemu protokolu zavŕšené jeho podpisom 10.11.2004. | ||
| 610 | 2 | 0 | |a ochrana prostredia životného |
| 610 | 2 | 0 | |a ekológia |
| 610 | 2 | 0 | |a emisie |
| 610 | 2 | 0 | |a politika medzinárodná |
| 610 | 2 | 0 | |a politika environmentálna |
| 610 | 2 | 0 | |a krajiny vyspelé |
| 610 | 2 | 0 | |a dohody |
| 610 | 2 | 0 | |a Európska únia |
| 100 | 1 | |a Dinis, Igor | |